The strategy of economic development (Record no. 76879)
[ view plain ]
| 000 -LEADER | |
|---|---|
| fixed length control field | 00779nam a2200181 a 4500 |
| 008 - FIXED-LENGTH DATA ELEMENTS--GENERAL INFORMATION | |
| fixed length control field | 120416s1958 ||||||||||||||||| || u |
| 050 ## - LIBRARY OF CONGRESS CALL NUMBER | |
| Classification number | HD 82 Hir |
| 100 ## - MAIN ENTRY--PERSONAL NAME | |
| Personal name | Hirschman, Albert O |
| 245 14 - TITLE STATEMENT | |
| Title | The strategy of economic development |
| Statement of responsibility, etc. | by Albert O. Hirschman |
| 260 ## - PUBLICATION, DISTRIBUTION, ETC. | |
| Place of publication, distribution, etc. | New Haven: |
| Name of publisher, distributor, etc. | Yale University |
| Date of publication, distribution, etc. | 1958 |
| 300 ## - PHYSICAL DESCRIPTION | |
| Extent | xiii, 217p.: ill. |
| 350 ## - | |
| -- | 0.00 |
| 500 ## - GENERAL NOTE | |
| General note | Include Index |
| 650 #0 - SUBJECT ADDED ENTRY--TOPICAL TERM | |
| Topical term or geographic name entry element | ECONOMICS |
| 650 ## - SUBJECT ADDED ENTRY--TOPICAL TERM | |
| Topical term or geographic name entry element | ECONOMICS--STRATEGIC PLANNING |
| 995 ## - | |
| -- | ANNEX COLLECTION (Main Library) |
| -- | 0.00 |
| -- | 710253 |
| -- | CBU-MAIN LIBRARY (Kitwe) |
| -- | 1 |
| -- | 0.00 |
| -- | HD 82 Hir |
| -- | 1 |
| -- | AVAILABLE |
| -- | 003933 |
| -- | Annex Low-Usage Collection |
| 995 ## - | |
| -- | SPECIAL COLLECTIONS |
| -- | 500023 |
| -- | CBU-DAG HAMMARSKJOLD INSTITUTE LIBRARY |
| -- | 0.00 |
| -- | DAG HD 82 Hir |
| -- | 1 |
| -- | AVAILABLE |
| -- | Aug 14, 2012 |
| -- | 500023 |
| -- | DHIPS Book Collection |
| 999 ## - | |
| -- | 76879 |
| -- | 76879 |
No items available.